Francisco Franco / (Record no. 122281)

MARC details
000 -LEADER
campo de control de longitud fija 00712nam a2200205 i 4500
001 - NÚMERO DE CONTROL
campo de control 122281
003 - IDENTIFICADOR DE NÚMERO DE CONTROL
campo de control ES-MaACL
005 - FECHA Y HORA DE LA ÚLTIMA TRANSACCIÓN
campo de control 20240219213323.0
007 - CAMPO FIJO DE DESCRIPCIÓN FÍSICA--INFORMACIÓN GENERAL
campo de control de longitud fija t|
008 - DATOS DE LONGITUD FIJA--INFORMACIÓN GENERAL
campo de control de longitud fija 070521s1943 sp ||||1| spa d
100 1# - ENTRADA PRINCIPAL--NOMBRE DE PERSONA
Nombre de persona Valdesoto, Fernando.
9 (RLIN) 112538
245 10 - MENCIÓN DEL TÍTULO
Título Francisco Franco /
Mención de responsabilidad, etc. Fernando de Valdesoto [seud. col. de Joaquín Valdés Sancho y Fernando Soto Oriol].
260 ## - PUBLICACIÓN, DISTRIBUCIÓN, ETC.
Lugar de publicación, distribución, etc. Madrid :
Nombre del editor, distribuidor, etc. Afrodisio Aguado,
Fecha de publicación, distribución, etc. 1943.
300 ## - DESCRIPCIÓN FÍSICA
Extensión 401 p., 18 lám., 2 map. ;
Dimensiones 23 cm.
600 14 - PUNTO DE ACCESO ADICIONAL DE MATERIA--NOMBRE DE PERSONA
Nombre de persona Franco Bahamonde, Francisco,
Fechas asociadas al nombre 1892-1975
9 (RLIN) 52240
700 1# - ENTRADA AGREGADA--NOMBRE PERSONAL
Nombre de persona Soto Oriol, Fernando de.
9 (RLIN) 107522
700 1# - ENTRADA AGREGADA--NOMBRE PERSONAL
Nombre de persona Valdés Sancho, Joaquín.
9 (RLIN) 112533
852 ## - LOCALIZACIÓN
Ubicación ES-MaACL
Número de control de estantería E-1758
Sublocalización o colección R.20253
Holdings
Estatus retirado Estado de pérdida Estado de daño No para préstamo Biblioteca de origen Biblioteca actual Ubicación en estantería Fecha de adquisición Fuente de adquisición Total de préstamos Signatura topográfica completa Código de barras Visto por última vez Precio de reemplazo Tipo de ítem Koha
        Biblioteca del Ateneo de Madrid Biblioteca del Ateneo de Madrid Depósito 2 17/01/2008     E-1758 1127424 23/02/2023 23/02/2023 Libro impreso